000 00588nam a22002177a 4500
003 OSt
005 20170213135203.0
008 160425b xxu||||| |||| 00| 0 eng d
020 _a0582239885
040 _cDDC.
082 _a532
_bDOU 1996
100 _aDouglas, J. F;Matthews,R.D;
_98184
245 _aFluid mechanics .
_cJ. F Douglas, R. D Matthews
250 _a3rd.ed. Vol.2
260 _aHarlow
_bPrentice Hall
_c1996
300 _aviii, 289p;
_bill :
_c26 cm
504 _aIncludes index
651 _a mechanics
_98185
700 _aMatthews, R. D
_98186
942 _2ddc
_cO_SHELF
999 _c5526
_d5526